Top Gold Producing Countries - Statistics

General Stats
  • This quiz has been taken 143 times
    107 since last reset
  • The average score is 12 of 20
Answer Stats
Tonnes Answer % Correct
330 China
97%
170 United States
97%
320 Russia
90%
220 Canada
85%
110 South Africa
85%
60 Brazil
83%
120 Mexico
82%
320 Australia
77%
35 Argentina
73%
60 Colombia
68%
100 Peru
65%
70 Indonesia
57%
120 Kazakhstan
48%
60 Tanzania
39%
50 Sudan
36%
50 Mali
32%
100 Uzbekistan
28%
90 Ghana
27%
50 Papua New Guinea
20%
70 Burkina Faso
12%
No matching quizzes found
Score Distribution
Percent of People with Each Score
Percentile by Number Answered
Your Score History
You have not taken this quiz since the last reset